Statystyki dla Z kim stał Kamil Stoch na podium ?

Kliknij tutaj aby rozwiązać quiz!

Ogólne statystyki

  • Ten quiz został rozwiązany 53 razy
  • Średni wynik to 24 z 42

Statystyki odpowiedzi

KrajSkoczek% Poprawnych
PolskaAdam Małysz
92%
PolskaDawid Kubacki
92%
PolskaPiotr Żyła
90%
JaponiaRyoyu Kobayashi
85%
AustriaStefan Kraft
85%
JaponiaJunshiro Kobayashi
82%
SłoweniaPeter Prevc
82%
SłoweniaDomen Prevc
79%
NorwegiaHalvor Egner Granerud
77%
PolskaMaciej Kot
77%
SłoweniaAnze Lanisek
69%
NorwegiaDaniel-Andre Tande
67%
NiemcyJohann Andre Forfang
67%
NiemcyKarl Geiger
67%
NiemcySeverin Freund
67%
SzwajcariaSimon Ammann
67%
JaponiaNoriaki Kasai
64%
NiemcyRichard Freitag
64%
NiemcyAndreas Wellinger
62%
AustriaGregor Schlierenzauer
62%
CzechyRoman Koudelka
62%
AustriaThomas Morgenstern
59%
SłoweniaTimi Zajc
59%
NiemcyMarkus Eisenbichler
56%
NorwegiaRobert Johansson
54%
SłoweniaRobert Kranjec
51%
JaponiaDaiki Ito
49%
PolskaJan Ziobro
46%
NorwegiaMariusz Lindvik
46%
AustriaMichael Hayboeck
46%
NorwegiaAnders Bardal
44%
RosjaJewgienij Klimow
38%
NorwegiaAnders Fannemel
36%
AustriaAndreas Kofler
36%
NiemcyStephan Leyhe
36%
SłoweniaLiga Jelar
33%
SłoweniaJednej Damjan
28%
NorwegiaAnders Jacobsen
26%
NorwegiaTom Hilde
23%
FinlandiaAnssi Koivuranta
21%
NiemcyMichael Uhrmann
21%
SłoweniaBor Pavlovcic
15%

Rozkład punktacji

Percentyl według liczby udzielonych odpowiedzi

Procent ludzi z każdym wynikiem

Twoja historia wyników

Nie rozwiązałeś tego quizu